000 00940cam a22002054a 4500
005 20250605164003.0
008 250528s ||||||||||||||||||||||||d
035 _a15706
020 _a471955523
040 _aGR-AtMCL
_bgre
_dGR-AtMCL
_eAACR2
245 1 _aThe European Union and World Trade Law / After the GATT Uruguay Round
260 _bJohn Wiley & Sons,
_c1996
300 _a396
520 _aIntroduction, The International Personality of the EC, The General Legal Framework of the EC's External Trade Policy, The Uruguay Round: An Evaluation, The Uruguay Round: Effect on the EC Legal Order, Customs Law, Services, Social Law, Agricultural Law, Environmental Law, Trade Law, Public Procurement, The EC's External Trade Policy Before the Court of Justice, EC and China: A Continuing Saga, Index.
700 1 _aEmiliou Nicholas
_91675
700 1 _aO'Keeffe David
_91676
942 _cBK
999 _c1265
_d1265